Plant design and economics for chemical engineers (Record no. 26086)

000 -LEADER
fixed length control field 00574nam a22002057a 4500
001 - CONTROL NUMBER
control field 26086
003 - CONTROL NUMBER IDENTIFIER
control field BD-DhUET
008 - FIXED-LENGTH DATA ELEMENTS--GENERAL INFORMATION
fixed length control field 150518b xxu||||| |||| 00| 0 eng d
040 ## - CATALOGING SOURCE
Original cataloging agency DLC
Transcribing agency DLC
Modifying agency BD-DhUET
082 ## - DEWEY DECIMAL CLASSIFICATION NUMBER
Classification number 660.28
Item number PET/1968
100 ## - MAIN ENTRY--PERSONAL NAME
Personal name Peters, Max S.
245 ## - TITLE STATEMENT
Title Plant design and economics for chemical engineers
250 ## - EDITION STATEMENT
Edition statement 2nd ed.
260 ## - PUBLICATION, DISTRIBUTION, ETC. (IMPRINT)
Place of publication, distribution, etc. Tokyo
Name of publisher, distributor, etc. McGraw-Hill Kogakusha
Date of publication, distribution, etc. 1968
300 ## - PHYSICAL DESCRIPTION
Extent 850p.
Other physical details ill.
490 ## - SERIES STATEMENT
Series statement McGraw-Hill chemical engineering series
650 #0 - SUBJECT ADDED ENTRY--TOPICAL TERM
Topical term or geographic name as entry element Design : Chemical engineering
700 ## - ADDED ENTRY--PERSONAL NAME
Personal name Timmerhaus, Klaus D.
942 ## - ADDED ENTRY ELEMENTS (KOHA)
Koha item type General Book
Holdings
Not for loan Piece designation (barcode) Date acquired Koha full call number Damaged status Koha date last seen Source of classification or shelving scheme Price effective from Shelving location Sublocation or collection (holding branch) Copy number Withdrawn status Lost status Koha normalized classification for sorting Location (home branch) Koha item type
 178932015-05-18660.28/PET/1968 2015-05-18 2015-05-18Circulation sectionCentral Library, BUET1  660_280000000000000_PET_1968Central Library, BUETGeneral Book
 547012015-05-18660.28/PET/1968 2015-05-18 2015-05-18Circulation sectionCentral Library, BUET2  660_280000000000000_PET_1968Central Library, BUETGeneral Book
 321442015-05-23660.28/PET/1968 2015-05-23 2015-05-23Circulation sectionCentral Library, BUET3  660_280000000000000_PET_1968Central Library, BUETGeneral Book
 321472015-06-18660.28/PET/1968 2015-06-18 2015-06-18Reading sectionCentral Library, BUET4  660_280000000000000_PET_1968Central Library, BUETReading Item
 155972015-06-20660.28/PET/1968 2015-06-20 2015-06-20Reading sectionCentral Library, BUET5  660_280000000000000_PET_1968Central Library, BUETReading Item
 178952015-06-20660.28/PET/1968 2015-06-20 2015-06-20Reading sectionCentral Library, BUET6  660_280000000000000_PET_1968Central Library, BUETReading Item
 321452015-06-20660.28/PET/1968 2015-06-20 2015-06-20Reading sectionCentral Library, BUET7  660_280000000000000_PET_1968Central Library, BUETReading Item
 244282015-06-28660.28/PET/1968 2015-06-28 2015-06-28Reading sectionCentral Library, BUET8  660_280000000000000_PET_1968Central Library, BUETReading Item
 321462015-06-28660.28/PET/1968 2015-06-28 2015-06-28Reading sectionCentral Library, BUET9  660_280000000000000_PET_1968Central Library, BUETReading Item
 244302015-06-28660.28/PET/1968 2015-06-28 2015-06-28Reading sectionCentral Library, BUET10  660_280000000000000_PET_1968Central Library, BUETReading Item
 166422015-06-29660.28/PET/1968 2015-06-29 2015-06-29Reading sectionCentral Library, BUET11  660_280000000000000_PET_1968Central Library, BUETReading Item